Η αναγνώριση του Μάξιμου Γραικού ως αγίου και ο καθορισμός κοινής εκκλησιαστικής πράξης αναγνώρισης αγίων από την Ορθόδοξη Εκκλησία
Saved in:
| Main Author: | |
|---|---|
| Format: | Book |
| Language: | Greek |
| Published: |
Αρτα :
Σκουφάς,
1989
|
| Subjects: | |
| Tags: |
Add Tag
No Tags, Be the first to tag this record!
|
MARC
| LEADER | 00000nam a2200000 i 4500 | ||
|---|---|---|---|
| 001 | 1/81543 | ||
| 008 | 970304s1989 gre d | ||
| 035 | |a 1994 |b 2 |c Δωρεά |l 10033717 | ||
| 040 | |a GR-MY-UA |b gre |e aacr | ||
| 041 | 0 | |a gre | |
| 082 | 0 | |a 235.2 | |
| 100 | 1 | |a Χρυσοστόμου, Γεώργιος Χ. | |
| 245 | 1 | 2 | |a Η αναγνώριση του Μάξιμου Γραικού ως αγίου και ο καθορισμός κοινής εκκλησιαστικής πράξης αναγνώρισης αγίων από την Ορθόδοξη Εκκλησία / |c Γεωργίου Χ. Χρυσοστόμου |
| 260 | |a Αρτα : |b Σκουφάς, |c 1989 | ||
| 300 | |a 16 σ. | ||
| 650 | 0 | 0 | |a Christian saints. |
| 852 | |a INST |b RHODES |e 19970304 |h 235.2 ΧΡΥ |p 005400010143 |q 005400010143 |t BK |y 0 | ||
| 909 | |a Ρ |b 028122 |c 1994 | ||
| 970 | |z 2000/06/ΟΙΚΟΝΟΜΟΠΟΥΛΟΥ (SUBJECT) | ||